000
00312nam a22001337a 4500
008
170616b xxu||||| |||| 00| 0 eng d
020
_a
9780578092164
041
_a
eng
080
_a
324
100
_a
20
101
_a
SHP
245
_a
HOW TO WIN ELECTIONS USING SOCIAL MEDIA
_c
TABIN.H
942
_2
udc
_c
BK
999
_c
17832
_d
17832